| 000 | 00448nam a22001577a 4500 | ||
|---|---|---|---|
| 020 | _a9971514230 | ||
| 040 | _cNUST | ||
| 082 |
_a620.1 _bMER |
||
| 100 |
_aMeriam , J.L _913089 |
||
| 110 |
_aKraige , L.G , Palm , William .J _9123619 |
||
| 245 | _aEngineering Mechanice Volume 1 Statics | ||
| 250 | _aFifth Edition | ||
| 260 |
_aIndia: _bJohn Wiley & Sons, _c2002. |
||
| 650 |
_aEngineering Mechanice Volume 1 Statics _9123620 |
||
| 942 |
_2ddc _cBK |
||
| 999 |
_c609748 _d609748 |
||